Reverse Alphabet: Geography Quiz Stats

Quiz Updated Dec 12, 2017

Challenge
Share
Tweet
Embed
Score 0/0 Timer 00:00
9 Plays Today
Question Answer Wrong Answers
*T*
Click the country whose flag is red with a white crescent & star
Turkey
89%
Tanzania
1.9%
Togo
2.5%
Thailand
3.9%
*Z*
Click the Indian Ocean island group, part of Tanzania
Zanzibar
88.4%
Zaire
3.7%
Zimbabwe
4.3%
Zambia
3.4%
*A*
Click the largest city in New Zealand
Auckland
88%
Adelaide
5%
Ahipara
0.6%
Awatere
0.8%
*S*
Click the biblical mountain located in Egypt
Sinai
87.8%
Somers
1.4%
Shelob
5.6%
St Helens
2.2%
*J*
Click the country with yellow on its flag
Jamaica
87.3%
Jordan
4.3%
Japan
2.6%
Jan Mayen
1.2%
*G*
Click the Pacific island group which is a province of Ecuador
Galapagos Islands
82.9%
Guam
5.7%
Gilbert Islands
4.3%
Gorée
2.1%
*H*
Click the country located on the island of Hispaniola
Haiti
82.5%
Hong Kong
1.4%
Honduras
10.5%
Hungary
0.7%
*D*
Click the capital city of Djibouti
Djibouti
80.4%
Dushanbe
6.6%
Dili
5.1%
Dubai
2.7%
*W*
Click the US state with capital city Olympia
Washington
77.7%
Wisconsin
6.2%
Wyoming
9.6%
West Virginia
5.1%
*C*
Click the largest enclosed inland body of water on Earth by area
Caspian Sea
77.5%
Caribbean Sea
6.9%
Crater Lake
8.4%
Catalan Sea
1.8%
*B*
Click the correct last word for the country: Antigua & _______
Barbuda
76%
Barbados
13.3%
Barbada
3.7%
Barbarossa
1.4%
*L*
Click the capital city not located on the African continent
Ljubljana
74%
Lomé
11.6%
Luanda
2.8%
Lusaka
7.1%
*E*
Click the geographical feature which is a river
Euphrates
73%
Etna
2.2%
Eritrea
2.2%
Elba
17.5%
*K*
Click the country with capital city Bishkek
Kyrgyzstan
70%
Kazakhstan
19.2%
Kenya
2%
Kuwait
4.2%
*X*
Click the city not located in China
Xalapa
68.9%
Xiantao
3.3%
Xinji
4.2%
Xilinhaote
22.3%
*P*
Click the mountain range located in Northern England
Pennines
57.8%
Pyrenees
12.8%
Pamir Mountains
6.7%
Pindus Mountains
19.1%
*Q*
Click the city located in South America
Quevedo
57.6%
Quetta
23.7%
Qamishli
9.6%
Qom
5.8%
*Y*
Click the correct spelling of Côte d'Ivoire's capital city
Yamoussoukro
56.5%
Yammoussoukro
15.4%
Yammousoukro
15.1%
Yamasukro
12.2%
*N*
Click the capital city not located on an island
Niamey
55.1%
Nuku'alofa
17.7%
Nassau
7.8%
Nicosia
15.4%
*R*
Click the country which borders Lake Kivu
Rwanda
54.4%
Romania
24.5%
Russia
16.5%
Rhode Island
1.5%
*I*
Click the country with the smallest population
Ireland
53.8%
Israel
36.4%
Iraq
4.1%
Italy
0.9%
*O*
Click the correct spelling of Burkina Faso's capital city
Ouagadougou
52.4%
Ougadougou
22.5%
Ouagodougu
14.7%
Ogadagogo
6.5%
*V*
Click the smallest capital city by population
Vaduz
51.1%
Vienna
6.2%
Valletta
28.3%
Vilnius
12.5%
*F*
Click the atoll on which Tuvalu's capital is located
Funafuti
44.8%
Fiji
23.6%
Falau'u
22.5%
Fasimaga
3.9%
*U*
Click the country with the smallest population
Uruguay
44.3%
Uganda
11.7%
United Kingdom
2.4%
United Arab Emirates
39.2%
*M*
Click the island with the smallest population
Malta
44.2%
Mauritius
37.7%
Madagascar
12.2%
Manhattan
1.7%

You're not logged in!

Compare scores with friends on all Sporcle quizzes.
Sign Up with Email
OR
Log In

You Might Also Like...

Show Comments

Extras

Top Quizzes Today


Score Distribution

Your Account Isn't Verified!

In order to create a playlist on Sporcle, you need to verify the email address you used during registration. Go to your Sporcle Settings to finish the process.

Report this User

Report this user for behavior that violates our Community Guidelines.

Details: